Score 0/42 Timer 05:00
1 Play Today
Hint 4-Letter Word % Correct
⌘ 42nd US president Clinton ⌘BILL
95.1%
Actor's part in a playROLE
94.6%
Twelve-inch lengthFOOT
94.6%
Chimney residueSOOT
93.5%
⌘ Small loaf of bread with dinner ⌘ROLL
93.4%
Narrow coin openingSLOT
92.7%
Animal fat used in cookingLARD
92.5%
Major Detroit-based automakerFORD
92.4%
⌘ The discharge of a firearm ⌘SHOT
92.3%
⌘ Nutritious substance ⌘FOOD
92%
ExhibitionSHOW
91.8%
Magician's stickWAND
91.7%
⌘ Beach granules ⌘SAND
91.4%
⌘ Flaky precipitation ⌘SNOW
91.1%
Master; deityLORD
90.3%
⌘ Facts collected for analysis ⌘DATA
89.9%
⌘ Credit or debit, perhaps ⌘CARD
89.7%
Sweet, dark brown palm fruit DATE
89.2%
Very small brookRILL
88.3%
Arrogant and annoying personSNOT
88.2%
Install computer softwareLOAD
87.4%
Hint 4-Letter Word % Correct
Firewood unit of measureCORD
87.1%
What the post-iceberg Titanic did SANK
86.7%
⌘ Toward CA on US map ⌘WEST
85.7%
Rorschach's inky objectBLOT
85.7%
⌘ Something borrowed ⌘LOAN
85.6%
Having little fatLEAN
85.5%
⌘ Fixed price for services ⌘RATE
83.6%
Protective ankle-high footwearBOOT
82.8%
DepartedWENT
78.8%
⌘ Memorandum ⌘NOTE
77.9%
Mechanical or unthinking routine ROTE
77.7%
Florida State U. athlete (abbrev.) 'NOLE
76.4%
Amble by indirect routeWEND
76.2%
⌘ Gauche (literally in French) ⌘LEFT
63.3%
Cheat or defraudBILK
62.6%
Artificial water trench to a millLEAT
56.1%
⌘ Make a criminal record ⌘BOOK
55.3%
Lift something heavyHEFT
54.4%
Command (archaic)HEST
51.6%
Retch, vomit (archaic)BOLK
51.3%
⌘⌘ COMMON BOND ⌘⌘ BANK
48.2%

Today's Daily Dose

You're not logged in!

Compare scores with friends on all Sporcle quizzes.
OR
Log In

Sporcle TV

Today on Sporcle TV


Watch our educational content, quiz creation guides, and fun videos on Sporcle TV.

Show Comments

Extras

Top Quizzes Today


Score Distribution

Your Account Isn't Verified!

In order to create a playlist on Sporcle, you need to verify the email address you used during registration. Go to your Sporcle Settings to finish the process.

Report this User

Report this user for behavior that violates our Community Guidelines.

Details: